Loading...
| Social Science | 4 | 7 | 0 | 0 | 130 | 21 | 79.73 | 5 | 10 | 0.00 | 0.00 |
| Literature - European | 6 | 4 | 2 | 1 | 120 | 18 | 85.50 | 4 | 6 | 0.00 | 0.00 |
| Literature - British | 6 | 4 | 2 | 0 | 120 | 44 | 88.20 | 1 | 8 | 0.00 | 0.00 |
| History - American | 5 | 4 | 0 | 0 | 115 | 22 | 70.56 | 4 | 8 | 0.00 | 0.00 |
| Literature - American | 5 | 5 | 3 | 3 | 110 | 29 | 99.00 | 3 | 7 | 0.00 | 0.00 |
| Philosophy | 2 | 8 | 3 | 2 | 95 | 64 | 92.60 | 4 | 6 | 0.00 | 0.00 |
| History - European | 4 | 4 | 2 | 0 | 90 | 32 | 80.75 | 2 | 7 | 0.00 | 0.00 |
| Visual Arts | 2 | 6 | 1 | 0 | 85 | 53 | 90.38 | 3 | 4 | 0.00 | 0.00 |
| Literature - World | 3 | 5 | 2 | 0 | 85 | 52 | 96.13 | 3 | 5 | 0.00 | 0.00 |
| History - World | 3 | 3 | 0 | 1 | 75 | 60 | 87.50 | 2 | 6 | 0.00 | 0.00 |
| Fine Arts - Other Arts | 0 | 6 | 1 | 0 | 55 | 95 | 110.67 | 1 | 3 | 0.00 | 0.00 |
| Other Academic | 2 | 2 | 1 | 1 | 45 | 76 | 98.75 | 0 | 1 | 0.00 | 0.00 |
| Beliefs | 1 | 3 | 0 | 1 | 45 | 82 | 103.50 | 1 | 3 | 0.00 | 0.00 |
| History - Ancient | 0 | 4 | 1 | 1 | 35 | 98 | 118.00 | 0 | 2 | 0.00 | 0.00 |
| Fine Arts - Classical Music and Opera | 0 | 2 | 1 | 0 | 15 | 112 | 122.00 | 0 | 0 | 0.00 | 0.00 |
| Geography | 0 | 1 | 0 | 0 | 10 | 74 | 74.00 | 0 | 0 | 0.00 | 0.00 |
| Science - Biology | 0 | 1 | 0 | 0 | 10 | 104 | 104.00 | 0 | 1 | 0.00 | 0.00 |
| History - Other | 0 | 1 | 1 | 0 | 5 | 117 | 117.00 | 0 | 0 | 0.00 | 0.00 |
| Modern World | 0 | 0 | 1 | 0 | -5 | 0.00 | 0 | 0 | 0.00 | 0.00 |